000 00303nam a2200145Ia 4500
100 _aStanley/Paul
250 _a5
490 _v1&2
942 _cBK
654 _amanual
245 _aStudents solution Manual Physics
260 _bJohn Wiley & Sons
_c2002
082 _a530
_bSTA
546 _aENGLISH
999 _c25431
_d25431